| 000 | 00393nam a2200121Ia 4500 | ||
|---|---|---|---|
| 008 | 220216s9999 xx 000 0 und d | ||
| 100 | _aJohn C K | ||
| 245 | 0 | _aImprovements in the control of volatile fatty acids build-up in field latex of Hevea | |
| 260 | _bProceedings of the RRIM Planters Conference, Kuala Lumpur, 1972; p278-285 | ||
| 650 | _aField latex | ||
| 650 | _aHevea | ||
| 942 | _cJS | ||
| 999 |
_c60883 _d60883 |
||